00613 2200241 4500001002100000005001700021008004100038035002600079245001900105100001900124250000600143260005300149300002300202020001800225082000800243084000800251520001400259650002600273990001800299990001800317990001800335990001800353INLIS00000000000273620191230004332.0191230| ||| | ind  a 0010-12190000000273600cAndrew Carruth0 aAndrew Carruth a1 aEska Media : JakartabEska Media : Jakartac2009 a200 hlm ;c200 hlm a979-3738-40-50 a100 a131 aAPBD 2014 0aKiat Menjadi Kaya 131 aB201702086519 aB201702086520 aB201702086520 aB201702086519